| 000 | 00427nam a2200157Ia 4500 | ||
|---|---|---|---|
| 008 | 230718s9999 xx 000 0 und d | ||
| 041 | _aeng | ||
| 082 |
_a621.8'9 _bMAJ |
||
| 100 | _aMajumdar B.C. | ||
| 245 | _aIntroduction To Tribology Of Bearings | ||
| 260 |
_c2010 _bS. Chand & Company |
||
| 300 | _a288 | ||
| 365 |
_cRs. _b150.00 |
||
| 700 | _aMajumdar B.C. | ||
| 906 |
_dO:0075722-Mar-2010B:295316-Mar-2010 _cMECH _b112.5 |
||
| 999 |
_c324636 _d324636 |
||